<?xml version="1.0" encoding="UTF-8"?><?xml-stylesheet type="text/xsl" href="static/style.xsl"?><OAI-PMH xmlns="http://www.openarchives.org/OAI/2.0/" xmlns:xsi="http://www.w3.org/2001/XMLSchema-instance" xsi:schemaLocation="http://www.openarchives.org/OAI/2.0/ http://www.openarchives.org/OAI/2.0/OAI-PMH.xsd"><responseDate>2026-04-17T17:12:47Z</responseDate><request verb="GetRecord" identifier="oai:www.recercat.cat:2072/97099" metadataPrefix="marc">https://recercat.cat/oai/request</request><GetRecord><record><header><identifier>oai:recercat.cat:2072/97099</identifier><datestamp>2026-01-21T14:45:03Z</datestamp><setSpec>com_2072_2016</setSpec><setSpec>com_2072_2015</setSpec><setSpec>col_2072_2017</setSpec></header><metadata><record xmlns="http://www.loc.gov/MARC21/slim" xmlns:dcterms="http://purl.org/dc/terms/" xmlns:xsi="http://www.w3.org/2001/XMLSchema-instance" xmlns:doc="http://www.lyncode.com/xoai" xsi:schemaLocation="http://www.loc.gov/MARC21/slim http://www.loc.gov/standards/marcxml/schema/MARC21slim.xsd">
   <leader>00925njm 22002777a 4500</leader>
   <datafield ind2=" " ind1=" " tag="042">
      <subfield code="a">dc</subfield>
   </datafield>
   <datafield ind2=" " ind1=" " tag="720">
      <subfield code="a">Castells Oliván, Manuel</subfield>
      <subfield code="e">author</subfield>
   </datafield>
   <datafield ind2=" " ind1=" " tag="720">
      <subfield code="a">Ollé Sanz, Esteve</subfield>
      <subfield code="e">author</subfield>
   </datafield>
   <datafield ind2=" " ind1=" " tag="520">
      <subfield code="a">La recerca va analitzar la interacció entre innovació tecnològica, canvi organitzatiu i transformació dels serveis públics i els processos polítics a l'Ajuntament de Barcelona. Prenent com a hipòtesi de partida l'aparició d'un possible model Barcelona II (que entenem que és paral·lel al model Barcelona, un exemple internacionalment reconegut de combinació de polítiques urbanes), es van estudiar les transformacions internes del consistori barceloní vinculades amb l'ús innovador de les tecnologies de la informació i la comunicació i es van relacionar amb el conjunt de canvis socials i polítics que interaccionaven amb aquest procés.</subfield>
   </datafield>
   <datafield ind2=" " ind1=" " tag="520">
      <subfield code="a">La investigación analizó la interacción entre innovación tecnológica, cambio organizativo y transformación de los servicios públicos y los procesos políticos del Ayuntamiento de Barcelona. Tomando como hipótesis de partida la aparición de un posible modelo Barcelona II (que entendemos que es paralelo al modelo Barcelona, un ejemplo internacionalmente reconocido de combinación de políticas urbanas), se estudiaron las transformaciones internas del consistorio barcelonés vinculadas al uso de las tecnologías de la información y de la comunicación y se relacionaron con el conjunto de cambios sociales y políticos que interaccionaban en este proceso.</subfield>
   </datafield>
   <datafield ind2=" " ind1=" " tag="520">
      <subfield code="a">The research analysed the interaction between technological innovation, organisational change and the transformation of public services and political processes at Barcelona City Council. Taking as its starting hypothesis the emergence of a possible Barcelona II model (ie, a parallel model to the Barcelona model, an internationally renowned combination of urban policies), the study looked at the internal transformations in Barcelona's City Council that were linked to innovative use of information and communication technologies, and linked them to the series of social and political changes interacting with this process.</subfield>
   </datafield>
   <datafield ind1="8" ind2=" " tag="024">
      <subfield code="a">http://hdl.handle.net/10609/272</subfield>
   </datafield>
   <datafield tag="653" ind2=" " ind1=" ">
      <subfield code="a">Internet in public administration -- Catalonia</subfield>
   </datafield>
   <datafield tag="653" ind2=" " ind1=" ">
      <subfield code="a">Barcelona (Catalunya). City council -- Technological innovations</subfield>
   </datafield>
   <datafield tag="653" ind2=" " ind1=" ">
      <subfield code="a">Information technology -- Catalonia</subfield>
   </datafield>
   <datafield tag="653" ind2=" " ind1=" ">
      <subfield code="a">Administració electrònica -- Catalunya</subfield>
   </datafield>
   <datafield tag="653" ind2=" " ind1=" ">
      <subfield code="a">Barcelona (Catalunya). Ajuntament -- Innovacions tecnològiques</subfield>
   </datafield>
   <datafield tag="653" ind2=" " ind1=" ">
      <subfield code="a">Tecnologia de la informació -- Catalunya</subfield>
   </datafield>
   <datafield tag="653" ind2=" " ind1=" ">
      <subfield code="a">Internet en la administración pública -- Cataluña</subfield>
   </datafield>
   <datafield tag="653" ind2=" " ind1=" ">
      <subfield code="a">Barcelona (Catalunya). Ayuntamiento -- Innovacions tecnològiques</subfield>
   </datafield>
   <datafield tag="653" ind2=" " ind1=" ">
      <subfield code="a">Tecnología de la información -- Cataluña</subfield>
   </datafield>
   <datafield ind2="0" ind1="0" tag="245">
      <subfield code="a">El model Barcelona II : l'Ajuntament de Barcelona a la societat xarxa de Catalunya (2002-2004)</subfield>
   </datafield>
</record></metadata></record></GetRecord></OAI-PMH>